| 000 | 00657nam a22002177a 4500 | ||
|---|---|---|---|
| 001 | 2515 | ||
| 003 | BD-DhBUF | ||
| 005 | 20250826102829.0 | ||
| 008 | 250826b bg ||||| |||| 00| 0 ben d | ||
| 020 | _a007006847x | ||
| 040 |
_aBD-DhBUF _cBD-DhBUF |
||
| 100 |
_aBovee, Courtland L. _9801 |
||
| 245 |
_aAdverting excellence / _cCourtland L. Bovee, John V. Thill, George P. Dovel and Marian Burk Wood |
||
| 260 |
_aNew York : _bMc Graw-Hill, _cC 1995. |
||
| 300 |
_axxxvi,647p. : _c28cm. ; |
||
| 650 |
_aAdvertising excellence _9800 |
||
| 700 |
_aThill, John v. _91480 |
||
| 700 |
_aDovel, George P. _93902 |
||
| 700 | _aWood, Marian Burk | ||
| 942 |
_2ddc _cBK |
||
| 999 |
_c2515 _d2515 |
||